Normal view
MARC view
- سوار، محمد وحيد الدبن
Entry Personal Name
001 - CONTROL NUMBER
- control field: 12710
003 - CONTROL NUMBER IDENTIFIER
- control field: JO-AjAnu
005 - DATE AND TIME OF LATEST TRANSACTION
- control field: 20230606072334.0
008 - FIXED-LENGTH DATA ELEMENTS
- fixed length control field: 230606|| aca||aabn | a|a d
040 ## - CATALOGING SOURCE
- Original cataloging agency: JO-AjAnu
- Transcribing agency: JO-AjAnu
100 ## - HEADING--PERSONAL NAME
- Personal name: سوار، محمد وحيد الدبن
670 ## - SOURCE DATA FOUND
- Source citation: Work cat.: (JO-AjAnu)6540: سوار، محمد وحيد الدبن , author, شرح القانون المدني : الحقوق العينية التبعية ، الرهن المجرد ، الرهن الحيازي ، حقوق الامتياز